000 00938cam a2200205 4500
001 WB3708-15
008 000000n2001 000 0 eng u
035 _a(Sirsi) u111112
245 _aExecutive decision
260 _c2001
490 _aEstates Gazette
_v(0107/17) 17 February 2001, 1
520 _aReviews the High Court decision "R v SoS Environment ex parte Holding & Barnes plc" that certain aspects of the Secretary of State's powers are not compatible with human rights legislation. The court found that the Secretary of State is not an independent and impartial tribunal and this was not remedied by the existence of a limited right of appeal to the High Court.
590 _aWB
650 _aHUMAN RIGHTS ACT 1998
650 _aCALL-IN
650 _aPLANNING SYSTEM
650 _aR V SOS ENVIRONMENT EX P HOLDING AND BARNES PLC
690 _aENVIRONMENTAL AND LAND CONSULTANCY-PLANNING AND DEVELOPMENT
942 _n0
999 _c66200
_d66200